Advanced outcomes (Record no. 18359)
[ view plain ]
| 000 -LEADER | |
|---|---|
| fixed length control field | 00797cim a22002297a 4500 |
| 005 - DATE AND TIME OF LATEST TRANSACTION | |
| control field | 20140923122814.0 |
| 007 - PHYSICAL DESCRIPTION FIXED FIELD--GENERAL INFORMATION | |
| fixed length control field | sd uuuuuudmuud |
| 008 - FIXED-LENGTH DATA ELEMENTS--GENERAL INFORMATION | |
| fixed length control field | 140703t2012 xx nnnnfs s0 c eng d |
| 024 ## - OTHER STANDARD IDENTIFIER | |
| Standard number or code | 9781111212384 |
| 024 ## - OTHER STANDARD IDENTIFIER | |
| Standard number or code | 1111212384 |
| 040 ## - CATALOGING SOURCE | |
| Original cataloging agency | EG-ScBUE |
| 082 04 - DEWEY DECIMAL CLASSIFICATION NUMBER | |
| Edition number | 22 |
| Classification number | 428.2 |
| Item number | DEL |
| 100 1# - MAIN ENTRY--PERSONAL NAME | |
| Personal name | Dellar, Hugh |
| 9 (RLIN) | 36030 |
| 245 10 - TITLE STATEMENT | |
| Title | Advanced outcomes |
| Medium | [sound recording] : |
| Remainder of title | class audio CDs / |
| Statement of responsibility, etc | Hugh Dellar and Andrew Walkley. |
| 260 ## - PUBLICATION, DISTRIBUTION, ETC. (IMPRINT) | |
| Place of publication, distribution, etc | [S. l.] : |
| Name of publisher, distributor, etc | Heinle Cengage Learning, |
| Date of publication, distribution, etc | c.2012. |
| 300 ## - PHYSICAL DESCRIPTION | |
| Extent | 3 sound discs ; |
| Dimensions | 4 3/4 in. |
| 650 #0 - SUBJECT ADDED ENTRY--TOPICAL TERM | |
| Topical term or geographic name as entry element | English language |
| Form subdivision | Sound recordings for foreign speakers |
| -- | Audio-visual aids |
| 9 (RLIN) | 36057 |
| 650 #0 - SUBJECT ADDED ENTRY--TOPICAL TERM | |
| Topical term or geographic name as entry element | English language |
| Form subdivision | Grammar |
| -- | Audio-visual aids |
| 9 (RLIN) | 36058 |
| 653 ## - INDEX TERM--UNCONTROLLED | |
| Resource For college | |
| Arrived date list | July2014 |
| 700 1# - ADDED ENTRY--PERSONAL NAME | |
| Personal name | Walkley, Andrew |
| 9 (RLIN) | 36022 |
| 942 ## - ADDED ENTRY ELEMENTS (KOHA) | |
| Source of classification or shelving scheme | Dewey Decimal Classification |
| Item type | |
| Call number prefix | 428.2 DEL |
| Withdrawn status | Lost status | Source of classification or shelving scheme | Damaged status | Not for loan | Koha collection | Location (home branch) | Sublocation or collection (holding branch) | Shelving location | Date acquired | Source of acquisition | Cost, normal purchase price | Invoice Number | Koha issues (times borrowed) | Koha full call number | Piece designation (barcode) | Koha date last seen | Koha date last borrowed | Cost, replacement price | Price effective from | Koha item type | Public note |
|---|---|---|---|---|---|---|---|---|---|---|---|---|---|---|---|---|---|---|---|---|---|
| Dewey Decimal Classification | Baccah | Central Library | Central Library | Second Floor | 14/07/2014 | 300.00 | 19833 | 1 | 428.2 DEL | 000029721 | 24/08/2022 | 18/03/2015 | 375.00 | 14/07/2014 | CD | DVD - (NB) | 3 audio CDs |